000 04957nam a2200253 4500
003 NALT
005 20251114103824.0
008 251111b th ||||| |||| 00| 0 tha d
040 _aNALT
050 _aHD 62.5
_bพ152ก 2566
100 0 _aธนพล กฤตยานนท์.
_966961
245 1 0 _aการวิเคราะห์องค์ประกอบเชิงยืนยันปัจจัยที่ส่งผลต่อความตั้งใจในการประกอบการหลังเกษียณของผู้ใหญ่วัยกลางคน =
_bConfirmatory factor analysis of factors affecting entrepreneurial intention of the pre-retirement /
_cธนพล กฤตยานนท์.
260 _aกรุงเทพฯ :
_bมหาวิทยาลัยเกษตรศาสตร์,
_c2567.
300 _a111 หน้า :
_bภาพประกอบ, ตาราง, แผนภูมิ ;
_c30 ซม.
505 2 _aบทที่ 1 บทนำ -- บทที่ 2 การทบทวนวรรณกรรม -- แนวคิดเกี่ยวกับการเกษียณ -- ความหมายของการเกษียณอายุ -- ระยะต่าง ๆ ของการเกษียณอายุ -- ผลกระทบของการเกษียณอายุ -- แนวคิดเกี่ยวกับการเตรียมความพร้อมก่อนการเกษียณอายุ -- การเตรียมความพร้อมด้านร่างกาย -- การเตรียมความพร้อมด้านจิตใจ -- การเตรียมความพร้อมด้านการเงิน -- การประมาณฐานะทางการเงินเมื่อเกษียณอายุ -- ความพร้อมเพื่อการเกษียณ -- แนวคิดและทฤษฎีของผู้ประกอบการ -- คุณลักษณะของการเป็นผู้ประกอบการ -- แนวคิดและทฤษฎีเกี่ยวกับความตั้งใจในการเป็นผู้ประกอบการ -- ความหมายของความตั้งใจในการเป็นผู้ประกอบการ -- ทฤษฎีพฤติกรรมตามแผน (Theory of planned behavior: TPB) -- ด้านทัศนคติในการเป็นผู้ประกอบการ (Attitude towards entrepreneurship) -- ด้านการคล้อยตามกลุ่มอ้างอิง (Subjective norm) -- ด้านการรับรู้ความสามารถในการเป็นผู้ประกอบการ (Perceived behavioral control) -- ด้านบุคลิกภาพ (Personality traits) -- ด้านการจัดการศึกษาสู่การเป็นผู้ประกอบการ (Entrepreneurial education) -- ผู้ประกอบการและโปรไฟล์ความเสี่ยง -- การวิเคราะห์องค์ประกอบ -- ความหมายของการวิเคราะห์องค์ประกอบ -- ประเภทของการวิเคราะห์องค์ประกอบ -- การวิเคราะห์องค์ประกอบเชิงสำรวจ (Exploratory factor analysis) -- การวิเคราะห์องค์ประกอบเชิงยืนยัน (Confirmatory factor) -- ลักษณะข้อมูลที่ใช้วิเคราะห์องค์ประกอบเชิงยืนยัน -- ข้อตกลงเบื้องต้นในการวิเคราะห์องค์ประกอบเชิงยืนยัน -- ประโยชน์ของการวิเคราะห์องค์ประกอบ -- บทที่ 3 วิธีการศึกษา -- บทที่ 4 ผลการวิจัยและข้อวิจารณ์ -- บทที่ 5 สรุปผลการวิจัยและข้อเสนอแนะ.
650 4 _aผู้ประกอบการ
_985
650 4 _aนักธุรกิจ
_923958
650 4 _aผู้เกษียณอายุ
_xการประกอบการเสรี
_967012
942 _2lcc
_cRSH
996 _ajidapa.t
_bACQSTF
_c2025-11-11
996 _avaree.k
_bLIBSTF
_c2025-11-12
996 _ajamriang.p
_bCATSTF
_c2025-11-13
999 _c107469
_d107469
998 _j6650
_k นางสาววารี เกตุโฉม